University Home | Library Home | Institutional Repository

Social case work a problem - solving process. (Record no. 8359)

MARC details
000 -LEADER
fixed length control field 00599cam0a220021700 4500
001 - CONTROL NUMBER
control field zam00002496
008 - FIXED-LENGTH DATA ELEMENTS--GENERAL INFORMATION
fixed length control field 951128s1957 xx eng u
035 ## - SYSTEM CONTROL NUMBER
System control number (Sirsi) r19849
035 ## - SYSTEM CONTROL NUMBER
System control number (MACHINE)SLC.
100 ## - MAIN ENTRY--PERSONAL NAME
Personal name Perlman, H. M.
Linkage A80909.1
245 10 - TITLE STATEMENT
Title Social case work a problem - solving process.
260 ## - PUBLICATION, DISTRIBUTION, ETC.
Date of publication, distribution, etc. 1957.
591 ## -
-- Class code: SW 321.
591 ## -
-- Course: Social research methods.
591 ## -
-- School: S05.
591 ## -
-- Lecturer: Dr. MULENGU, A.
591 ## -
-- Number of Students: 28.
949 ## - LOCAL PROCESSING INFORMATION (OCLC)
a HV43
w lcc
m MAIN
t BOOK
l ON-SHELF
909 ## -
-- Book
Holdings
Withdrawn status Lost status Source of classification or shelving scheme Damaged status Not for loan Home library Current library Shelving location Total Checkouts Full call number Barcode Date last seen Copy number Price effective from Koha item type
    Library of Congress Classification     Main Library Main Library Academic reserves/Short loan   HV43 PER 33729000767942 08/12/2019 1 08/12/2019 Short Loan material
© 2026 - The University of Zambia Library - Koha v25.11